Capitales de Provincia con mayor media de edad - Estadísticas

Estadísticas generales
  • Esta prueba ha sido intentada 43 veces
  • La puntuación promedio es 10 de 15
Estadísticas de respuestas
Media de Edad Ciudad % Correcto
48,63 Salamanca
86%
48,85 León
84%
46,41 Lugo
84%
48,61 Zamora
84%
47,51 Palencia
76%
47,59 Oviedo
73%
46,44 Segovia
73%
46,02 Burgos
70%
47,90 Santander
70%
48,25 Valladolid
70%
47,40 La Coruña
65%
47,37 Bilbao
57%
46,97 Donostia/San Sebastián
49%
48,03 Orense
46%
47,39 Cádiz
30%
No se encontraron pruebas coincidentes
Distribución de puntuación
Porcentaje de gente con cada puntuación
Porcentaje por número respondido
Historial de tus puntuaciones
No has intentado esta prueba.